Name a Country A to Z - 30 Seconds - Statistics

General Stats
  • This quiz has been taken 1,485 times
  • The average score is 14 of 24
Answer Stats
Letter Countries % Correct
A Australia, Argentina, Algeria...
95%
B Belgium, Botswana, Bangladesh...
93%
C China, Canada, Chile...
92%
D Denmark, Djibouti, Dominican Republic...
83%
E Egypt, Ethiopia, Ecuador...
82%
F France, Finland, Fiji...
80%
G Germany, Greece, Guatemala...
80%
I Italy, India, Iran...
74%
H Haiti, Honduras, Hungary
71%
J Japan, Jordan, Jamaica
68%
K Kenya, Kazakhstan, Kuwait...
59%
L Libya, Latvia, Lebanon...
57%
M Mexico, Morocco, Malaysia...
55%
O Oman
51%
N Nicaragua, New Zealand, Norway...
48%
P Peru, Poland, Pakistan...
44%
Q Qatar
41%
R Russia, Rwanda, Romania...
35%
S Spain, South Africa, Saudi Arabia...
32%
U United States, United Kingdom, Uruguay...
32%
Y Yemen
29%
T Thailand, Turkey, Tanzania...
28%
Z Zambia, Zimbabwe
26%
V Vietnam, Venezuela, Vatican City...
21%
No matching quizzes found
Score Distribution
Percent of People with Each Score
Percentile by Number Answered
Your Score History
You have not taken this quiz